000 00905nas a2200313 4500
001 BR9900991
003 BR-BrBNA
005 20231205101254.0
007 ta
008 230509b bl.|||p| |||| 00| 00por d
040 _aBR-BrBNA
_bpor
_cBiblioteca Nacional de Agricultura
041 _a(Pt)
072 _aL02
100 1 _aFranzoi, E.E.
100 1 _aSiewerdt, F.
100 1 _aRutz, F.
100 1 _aBrum, P.A.R. de
100 1 _aGomes, P.C.
245 1 _aDesempenho de frangos de corte alimentados com diferentes niveis de farelo de canola
650 _aFrango de Corte
650 _aColza
650 _aFarelo
650 _aComposicao de Alimento
650 _aGanho de Peso
650 _aConsumo Alimentar
773 0 _tCiencia Rural (Brazil)
_xISSN 0103-8478
_g(Oct-Dec 1998), v. 28(4) p. 683-689
_wBR9900991
909 _a202311
_bLúcia
_c55
_dLúcia Elande
942 _2AGRIS
_n0
_cANA
999 _c160822
_d160822